<?xml version="1.0" encoding="UTF-8"?>
<record
    xmlns:xsi="http://www.w3.org/2001/XMLSchema-instance"
    xsi:schemaLocation="http://www.loc.gov/MARC21/slim http://www.loc.gov/standards/marcxml/schema/MARC21slim.xsd"
    xmlns="http://www.loc.gov/MARC21/slim">

  <leader>01591nam a2200265 a 4500</leader>
  <controlfield tag="001">000002989</controlfield>
  <controlfield tag="005">20260303083219.0</controlfield>
  <controlfield tag="008">090706s19uu    dr      r     000 0 spa d</controlfield>
  <datafield tag="040" ind1=" " ind2=" ">
    <subfield code="a">DO-SdBNP</subfield>
    <subfield code="b">spa</subfield>
    <subfield code="c">BNPHU</subfield>
  </datafield>
  <datafield tag="082" ind1=" " ind2=" ">
    <subfield code="a">322.42</subfield>
    <subfield code="b">J61c</subfield>
  </datafield>
  <datafield tag="100" ind1="1" ind2=" ">
    <subfield code="a">Jimenes Grull&#xF3;n, Juan Isidro,</subfield>
    <subfield code="d">1903-1983</subfield>
    <subfield code="9">2482</subfield>
  </datafield>
  <datafield tag="245" ind1="1" ind2="3">
    <subfield code="a">El camilismo y la revoluci&#xF3;n dominicana /</subfield>
    <subfield code="c">Juan Isidro Jimenes Grull&#xF3;n.</subfield>
  </datafield>
  <datafield tag="260" ind1=" " ind2=" ">
    <subfield code="a">[s. l. :</subfield>
    <subfield code="b">s. n. ,</subfield>
    <subfield code="c">19--?].</subfield>
  </datafield>
  <datafield tag="300" ind1=" " ind2=" ">
    <subfield code="a">169 p. ;</subfield>
    <subfield code="c">20 cm.</subfield>
  </datafield>
  <datafield tag="504" ind1=" " ind2=" ">
    <subfield code="a">Bibliograf&#xED;a : p. 167-168</subfield>
  </datafield>
  <datafield tag="505" ind1="0" ind2=" ">
    <subfield code="g">Primera parte.</subfield>
    <subfield code="t">Introducci&#xF3;n --</subfield>
    <subfield code="t">El "Camilismo" : un anacronismo revolucionario --</subfield>
    <subfield code="t">La teor&#xED;a pol&#xED;tico- econ&#xF3;mico-social --</subfield>
    <subfield code="t">La t&#xE1;ctica pol&#xED;tica --</subfield>
    <subfield code="t">El "Camilismo" continental --</subfield>
    <subfield code="t">El encuentro de cristianismo comprometidos --</subfield>
    <subfield code="g">Segunda parte.</subfield>
    <subfield code="t">El camilismo dominicano --</subfield>
    <subfield code="t">Convergencias con Camilo Torres --</subfield>
    <subfield code="t">Democracia, liberalismo y capitalismo --</subfield>
    <subfield code="t">Reformismo y socialismo --</subfield>
    <subfield code="t">Posturas antimarxistas --</subfield>
    <subfield code="t">Aciertos y desaciertos --</subfield>
    <subfield code="t">El partidismo y los movimientos populares --</subfield>
    <subfield code="t">Teor&#xED;a y pr&#xE1;ctica --</subfield>
    <subfield code="t">Direcci&#xF3;n y vanguardias --</subfield>
    <subfield code="t">Los tipos de vanguardia --</subfield>
    <subfield code="t">Contradicciones y eclecticismo --</subfield>
    <subfield code="t">Metas del movimiento --</subfield>
    <subfield code="t">Organizaci&#xF3;n y t&#xE1;cticas.</subfield>
  </datafield>
  <datafield tag="590" ind1=" " ind2=" ">
    <subfield code="a">Inventariado, 2018/BT</subfield>
  </datafield>
  <datafield tag="600" ind1="1" ind2="4">
    <subfield code="a">TORRES, CAMILO,</subfield>
    <subfield code="d">1929-1965</subfield>
    <subfield code="x">PENSAMIENTO POL&#xCD;TICO Y SOCIAL</subfield>
    <subfield code="9">9486</subfield>
  </datafield>
  <datafield tag="650" ind1=" " ind2="4">
    <subfield code="a">Movimientos revolucionarios</subfield>
    <subfield code="9">1376</subfield>
  </datafield>
  <datafield tag="650" ind1=" " ind2="0">
    <subfield code="a">Democracia cristiana </subfield>
    <subfield code="9">9487</subfield>
  </datafield>
  <datafield tag="650" ind1=" " ind2="4">
    <subfield code="a">Marxismo y cristianismo</subfield>
    <subfield code="9">9488</subfield>
  </datafield>
  <datafield tag="651" ind1=" " ind2="4">
    <subfield code="a">Colombia</subfield>
    <subfield code="x">Historia</subfield>
    <subfield code="y">SIGLO XX</subfield>
    <subfield code="9">9489</subfield>
  </datafield>
  <datafield tag="651" ind1=" " ind2="4">
    <subfield code="a">Rep&#xFA;blica Dominicana</subfield>
    <subfield code="x">Historia</subfield>
    <subfield code="y">SIGLO XX</subfield>
    <subfield code="9">9490</subfield>
  </datafield>
  <datafield tag="910" ind1=" " ind2=" ">
    <subfield code="a">Validado. Control de calidad. MMOLINA</subfield>
  </datafield>
  <datafield tag="952" ind1=" " ind2=" ">
    <subfield code="0">0</subfield>
    <subfield code="1">0</subfield>
    <subfield code="7">1</subfield>
    <subfield code="8">PD</subfield>
    <subfield code="a">PD</subfield>
    <subfield code="b">PD</subfield>
    <subfield code="c">HD</subfield>
    <subfield code="d">2009-07-06</subfield>
    <subfield code="i">LF1</subfield>
    <subfield code="l">0</subfield>
    <subfield code="o">322.42 J61c</subfield>
    <subfield code="p">2989-10</subfield>
    <subfield code="r">2020-06-25</subfield>
    <subfield code="w">2020-06-25</subfield>
    <subfield code="y">LFPD</subfield>
    <subfield code="z">Autografiado por el autor para la Biblioteca Nacional</subfield>
    <subfield code="Z">No se presta</subfield>
  </datafield>
  <datafield tag="999" ind1=" " ind2=" ">
    <subfield code="c">2821</subfield>
    <subfield code="d">2821</subfield>
  </datafield>
</record>
